|
|
|
|
| LEADER |
03301nam a2200457 a 4500 |
| 001 |
EBC410647 |
| 003 |
MiAaPQ |
| 005 |
20200520144314.0 |
| 006 |
m o d | |
| 007 |
cr cn||||||||| |
| 008 |
081107s2008 ne a sb 100 0 eng d |
| 010 |
|
|
|z 2008478697
|
| 016 |
7 |
|
|z B0809118
|2 bccb
|
| 020 |
|
|
|z 9789053566848
|
| 020 |
|
|
|z 9053566848
|
| 035 |
|
|
|a (MiAaPQ)EBC410647
|
| 035 |
|
|
|a (Au-PeEL)EBL410647
|
| 035 |
|
|
|a (CaPaEBR)ebr10302405
|
| 035 |
|
|
|a (CaONFJC)MIL178772
|
| 035 |
|
|
|a (OCoLC)476233263
|
| 040 |
|
|
|a MiAaPQ
|c MiAaPQ
|d MiAaPQ
|
| 043 |
|
|
|a e------
|
| 050 |
|
4 |
|a JV6217
|b .M535 2008
|
| 245 |
0 |
0 |
|a Migrants and markets
|h [electronic resource] :
|b perspectives from economics and the other social sciences /
|c edited by Holger Kolb and Henrik Egbert.
|
| 260 |
|
|
|a [Amsterdam] :
|b Amsterdam University Press,
|c c2008.
|
| 300 |
|
|
|a 243 p. :
|b ill.
|
| 490 |
1 |
|
|a IMISCOE research
|
| 500 |
|
|
|a Papers from the conference "Work, entrepreneurship and economic integration: migration research in economics and the other social sciences" held at the Institute for Migration Research and Intercultural Studies at the University of Osnabruck on 28-29 January 2006.
|
| 504 |
|
|
|a Includes bibliographical references.
|
| 505 |
0 |
|
|a Migrants and markets : perspectives from economics and the other social sciences / Holger Kolb and Henrik Egbert -- The impact of immigration on the labour market : a survey / Christian Lumpe -- Investigating the economic impact of immigration on the host country : the case of Norway / Mete Feridun -- The exit option of labour migration from East to West Germany : individual and contextual determinants of unemployed workers' geographic mobility / Michael Windzio -- How recent amendments in German immigration law affect decisions : the case of Polish doctors / Simon Fellmer -- Educational selectivity and labour market attainment of Jewish immigrants from the former Soviet Union in Israel and Germany in the 1990s / Irena Kogan and Yinon Cohen -- States as clubs? : the political economy of state membership / Holger Kolb -- Chinese student migration in Europe : a migration that nobody objects to? / Wei Shen -- Assessing interdependencies between sector structures and labour migration : a comparative study of the British and the German health sectors / Kirsten Hoesch -- Workers' remittances in international risk sharing / Metodij Hadzi-Vaskov -- Skills and remittances : the case of Afghan, Egyptian and Serbian immigrants in Germany / Florin-Petru Vadean -- The impact of migration on foreign trade in Bolivia / Gustavo Javier Canavire Bacarreza and Laura Ruud.
|
| 533 |
|
|
|a Electronic reproduction. Ann Arbor, MI : ProQuest, 2015. Available via World Wide Web. Access may be limited to ProQuest affiliated libraries.
|
| 650 |
|
0 |
|a Emigration and immigration
|x Economic aspects
|v Congresses.
|
| 650 |
|
0 |
|a Emigration and immigration
|x Social aspects
|v Congresses.
|
| 650 |
|
0 |
|a Labor market
|z Europe
|v Congresses.
|
| 650 |
|
0 |
|a Foreign workers
|z Europe
|v Congresses.
|
| 655 |
|
4 |
|a Electronic books.
|
| 700 |
1 |
|
|a Kolb, Holger.
|
| 700 |
1 |
|
|a Egbert, Henrik,
|d 1967-
|
| 710 |
2 |
|
|a ProQuest (Firm)
|
| 830 |
|
0 |
|a IMISCOE research.
|
| 856 |
4 |
0 |
|u https://ebookcentral.proquest.com/lib/matrademy/detail.action?docID=410647
|z Click to View
|